| 000 | 00424nam a22001337a 4500 | ||
|---|---|---|---|
| 020 | _qHB. | ||
| 040 | _cFIZZA ISHAQ | ||
| 082 |
_a690.5 _bABR |
||
| 100 |
_aAbrantes, Vitor. _9121812 |
||
| 245 |
_aThe Pre-Fabrication of Building Facades (Building Research: Design, Construction and Technologies) / _cVitor Abrantes. |
||
| 260 |
_aNew York: _b Springer, _c2017. |
||
| 300 |
_a95P. ; _c 8.25 x 0.5 x 11 inches |
||
| 942 |
_2ddc _cBK |
||
| 999 |
_c616518 _d616518 |
||